Using the international human rights system to combat racial discrimination : (Record no. 930)

MARC details
000 -LEADER
fixed length control field 00581nam a22001817a 4500
005 - DATE AND TIME OF INPUT
control field 20231124073728.0
008 - DATA ELEMENTS--GENERAL INFORMATION
fixed length control field 231124b |||||||| |||| 00| 0 eng d
020 ## - INTERNATIONAL STANDARD BOOK NUMBER
International Standard Book Number 0862103002
041 ## - LANGUAGE CODE
Language code of text English
082 ## - SHELF NUMBER
DDC number 341.48 AMN
100 ## - MAIN AUTHOR
Language of a work English
245 ## - TITLE STATEMENT
Title Using the international human rights system to combat racial discrimination :
Sub-title A Handbook
250 ## - EDITION STATEMENT
Edition statement First Edition
260 ## - PUBLICATION, DISTRIBUTION, ETC.
Place of publication, distribution, etc. London :
Name of publisher, distributor, etc. Amnesty International Publications,
Date of publication, distribution, etc. 2001
300 ## - PHYSICAL DESCRIPTION
Other physical details xii, 103 pages ;
Dimensions 24 cm.
650 ## - SUBJECT`
Broad subject Legal practice
Own subject terms Law
942 ## - ADDED ENTRY ELEMENTS (KOHA)
Item type Books
942 ## - ADDED ENTRY ELEMENTS (KOHA)
-- ALISON_BN_VRIES
Holdings
Source of classification or shelving scheme Not for loan Collection code Home library Current library Shelving location Date acquired Full call number Barcode Price effective from Koha item type
Dewey Decimal Classification   TEXT BOOKS LAW SOCIETY OF NAMIBIA LIBRARY - WINDHOEK LAW SOCIETY OF NAMIBIA LIBRARY - WINDHOEK International law and private international law 11/24/2023 341.48 AMN LSN/2001/24 11/24/2023 Books